|
|
|
|
| LEADER |
03100nam a2200769 4500 |
| 001 |
ocn841281993 |
| 003 |
OCoLC |
| 005 |
20170124071540.1 |
| 006 |
m o d |
| 007 |
cr cnu---unuuu |
| 008 |
130430s2012 gw a ob 001 0 ger d |
| 040 |
|
|
|a N$T
|b eng
|e pn
|c N$T
|d E7B
|d DG1
|d OCLCF
|d DEBBG
|d NLGGC
|d YDXCP
|d MERUC
|d EBLCP
|d IDEBK
|d DEBSZ
|d OCLCQ
|d COO
|d OCLCQ
|d GrThAP
|
| 019 |
|
|
|a 842887628
|a 843196703
|a 850146405
|
| 020 |
|
|
|a 9783527653010
|q (electronic bk.)
|
| 020 |
|
|
|a 3527653015
|q (electronic bk.)
|
| 020 |
|
|
|a 9783527653041
|q (electronic bk.)
|
| 020 |
|
|
|a 352765304X
|q (electronic bk.)
|
| 020 |
|
|
|a 9783527653034
|
| 020 |
|
|
|a 3527653031
|
| 020 |
|
|
|z 9783527332885
|
| 029 |
1 |
|
|a AU@
|b 000052007868
|
| 029 |
1 |
|
|a CHBIS
|b 010027042
|
| 029 |
1 |
|
|a CHVBK
|b 306230585
|
| 029 |
1 |
|
|a DEBBG
|b BV041343106
|
| 029 |
1 |
|
|a DEBBG
|b BV041909981
|
| 029 |
1 |
|
|a DEBSZ
|b 43138942X
|
| 029 |
1 |
|
|a NZ1
|b 15916005
|
| 035 |
|
|
|a (OCoLC)841281993
|z (OCoLC)842887628
|z (OCoLC)843196703
|z (OCoLC)850146405
|
| 050 |
|
4 |
|a RC268.7.F6
|
| 072 |
|
7 |
|a BUS
|x 032000
|2 bisacsh
|
| 072 |
|
7 |
|a SOC
|x 000000
|2 bisacsh
|
| 082 |
0 |
4 |
|a 363.864
|2 23
|
| 049 |
|
|
|a MAIN
|
| 245 |
0 |
0 |
|a Lebensmittelsicherheit und Lebensmittelüberwachung /
|c herausgegeben von Hartmut Dunkelberg, Thomas Gebel und Andrea Hartwig.
|
| 264 |
|
1 |
|a Weinheim :
|b Wiley-VCH,
|c [2012]
|
| 264 |
|
4 |
|c ©2012
|
| 300 |
|
|
|a 1 online resource (xiv, 339 pages) :
|b illustrations
|
| 336 |
|
|
|a text
|b txt
|2 rdacontent
|
| 337 |
|
|
|a computer
|b c
|2 rdamedia
|
| 338 |
|
|
|a online resource
|b cr
|2 rdacarrier
|
| 500 |
|
|
|a Title from PDF title page (viewed on Apr. 30, 2013).
|
| 500 |
|
|
|a Originally published in: Handbuch der Lebensmitteltoxikologie.
|
| 504 |
|
|
|a Includes bibliographical references and index.
|
| 600 |
1 |
4 |
|a Lebensmitteltoxikologie.
|
| 600 |
1 |
4 |
|a Lebensmittel.
|
| 600 |
1 |
4 |
|a Produktsicherheit.
|
| 600 |
1 |
4 |
|a Lebensmittelüberwachung.
|
| 600 |
1 |
7 |
|a Lebensmitteltoxikologie.
|0 (DE-603)085094099
|0 (DE-588c)4034904-4
|2 swd
|
| 600 |
1 |
7 |
|a Lebensmittel.
|0 (DE-603)085093963
|0 (DE-588c)4034870-2
|2 swd
|
| 600 |
1 |
7 |
|a Produktsicherheit.
|0 (DE-603)086300067
|0 (DE-588c)4246587-4
|2 swd
|
| 600 |
1 |
7 |
|a Lebensmittelüberwachung.
|0 (DE-603)085541958
|0 (DE-588c)4140844-5
|2 swd
|
| 650 |
|
0 |
|a Food
|x Safety measures.
|
| 650 |
|
0 |
|a Food adulteration and inspection.
|
| 650 |
|
0 |
|a Food
|x Toxicology.
|
| 650 |
|
7 |
|a BUSINESS & ECONOMICS
|x Infrastructure.
|2 bisacsh
|
| 650 |
|
7 |
|a SOCIAL SCIENCE
|x General.
|2 bisacsh
|
| 650 |
|
7 |
|a Food adulteration and inspection.
|2 fast
|0 (OCoLC)fst00930671
|
| 650 |
|
7 |
|a Food
|x Safety measures.
|2 fast
|0 (OCoLC)fst00930602
|
| 650 |
|
7 |
|a Food
|x Toxicology.
|2 fast
|0 (OCoLC)fst00930642
|
| 655 |
|
4 |
|a Electronic books.
|
| 700 |
1 |
|
|a Dunkelberg, H.
|q (Hartmut)
|
| 700 |
1 |
|
|a Gebel, Thomas.
|
| 700 |
1 |
|
|a Hartwig, Andrea.
|
| 740 |
0 |
|
|a Handbuch der Lebensmitteltoxikologie.
|
| 776 |
0 |
8 |
|i Print version:
|a Dunkelberg, Hartmut.
|t Lebensmittelsicherheit und Lebensmittelüberwachung.
|d Weinheim : Wiley, ©2013
|z 9783527332885
|
| 856 |
4 |
0 |
|u https://doi.org/10.1002/9783527653010
|z Full Text via HEAL-Link
|
| 994 |
|
|
|a 92
|b DG1
|